Statistics for Countries with Z

Click here to take the quiz!

General Stats

  • This quiz has been taken 57 times
  • The average score is 12 of 15

Answer Stats

HintAnswer% Correct
AfricaZimbabwe
98%
AfricaZambia
94%
OceaniaNew Zealand
89%
AmericasBelize
83%
EuropeCzech Republic
81%
AsiaKazakhstan
81%
AmericasVenezuela
81%
AsiaAzerbaijan
77%
AsiaKyrgyzstan
77%
AfricaTanzania
77%
AmericasBrazil
75%
AfricaMozambique
75%
EuropeSwitzerland
75%
EuropeBosnia and Herzegovina
74%
AsiaUzbekistan
74%

Score Distribution

Percentile by Number Answered

Percent of People with Each Score

Your Score History

You have not taken this quiz